000 01226cad a22001935a 4500
001 L141859
008 080103s2007 xxk f 000 0 eng d
035 _a(Sirsi) u141859
041 0 _aeng
110 2 _aRoyal Institution of Chartered Surveyors
_94900
245 0 0 _aRICS president's commission on major disaster management
_h[electronic resource]
260 _aLondon
_bRICS
_c2007
520 _aThe RICS President's Commission on Major Disaster Management works to minimise the impact of major disasters affecting the built environment, for the benefit of the communities affected, regardless of their location. Following the south-east Asian tsunami, the Commission initiated a programme to develop a practical framework for bridging the gap between short-term relief and long-term reconstruction. The proposed framework, comprising a practical and wide reaching package of guidance, will be used by local governance, the UN and relevant NGOs, to help address this problem.
590 _aKA
651 4 _aInternational
690 _aMANAGEMENT
856 4 8 _uhttps://www.rics.org/site/scripts/documents_info.aspx?categoryID=512&documentID=254&pageNumber=1
_zView the item free of charge at www.rics.org...
942 _n0
999 _c79629
_d79629